000 01132nam a2200265Ia 4500
003 OSt
005 20220923211239.0
006 a|||||r|||| 00| 0
007 ta
008 220922b |||||||| |||| 00| 0 hin d
020 _a9788174871633 (hbk)
_c350
024 _a282,151
037 _b7344, 24/11/2014, Efficient Book Distributors
_cTextual
040 _aARTS
_cARTS
_bhin
041 _2hin
_ahin
082 _aV2y7M75, 152Q1
100 _aगुप्त, विश्वप्रकाश; गुप्त, मोहिनी
_9160022
245 0 _aसरदार वल्लभभाई पटेल
_b व्यक्ति और विचार
246 _aSaradār vallabhabhāī paṭela: vyakti aur vichāra
260 _aनई दिल्ली
_b राधा पब्लिकेशन्स
_c2011
300 _a300पृ.
_ccm.
650 _aविश्व-इतिहास
942 _hV2y7M75, 152Q1
_cTEXL
_2CC
999 _c297605
_d297605